| 000 | 00778nam a2200193Ia 4500 | ||
|---|---|---|---|
| 008 | 151121s9999||||xx |||||||||||||| ||und|| | ||
| 082 | _a352/कुलक | ||
| 082 | _bHNW-31692 | ||
| 100 | _aकुलकर्णी अ। रा। | ||
| 245 | _aसोलापूर नगरपालिका-समालोचन | ||
| 260 | _bदातार कृ।ना। सोलापुर महा।न।पालिका | ||
| 260 | _c-- | ||
| 300 | _a76 | ||
| 600 | _aकुलकर्णी अ। रा। | ||
| 630 | _aसोलापूर नगरपालिका-समालोचन | ||
| 700 | _aकुलकर्णी अ। रा। | ||
| 730 | _aसोलापूर नगरपालिका-समालोचन | ||
| 942 | _cBOOK | ||
| 999 |
_c1225590 _d1225587 |
||